El Salvador: la solución debe ser política /
Spremljeno u:
| Glavni autor: | |
|---|---|
| Format: | Tekst |
| Teme: | |
| Oznake: |
Dodaj oznaku
Bez oznaka, Budi prvi tko označuje ovaj zapis!
|
MARC
| LEADER | 00000 a a2200000 04500 | ||
|---|---|---|---|
| 001 | 12136 | ||
| 003 | |||
| 040 | |||
| 100 | |a Cienfuegos, Fermán | ||
| 245 | |a El Salvador: |b la solución debe ser política / |c Fermán Cienfuegos | ||
| 650 | |a CRISIS POLITICA | ||
| 650 | |a GUERRA CIVIL | ||
| 650 | |a POLITICA | ||
| 650 | |a FRENTE FARABUNDO MARTI PARA LA LIBERACION NACIONAL, SV | ||
| 650 | |a GUERRILLA | ||
| 650 | |a REVOLUCION | ||
| 773 | |g número 26; páginas 51-54 | ||
| 999 | |c 33943 |d 33943 | ||
